Random Latin words #1 - Statistics

General Stats
  • This quiz has been taken 276 times
  • The average score is 7 of 15
Answer Stats
Word Answer % Correct
Tu You
92%
Stella Star
85%
Aurum Gold
78%
Nomen Name
75%
Columna Column
68%
Vacca Cow
50%
Tuus Your
49%
Nympha Nymph
44%
Maritus Husband
31%
Quae Which
24%
Donum Gift
23%
Ianua Door
9%
Radius Ray
9%
Autem However
7%
Vires Strength
6%
No matching quizzes found
Score Distribution
Percent of People with Each Score
Percentile by Number Answered
Your Score History
You have not taken this quiz